000 00304nam a2200097Ia 4500
005 20251222114350.0
008 251222s1900||||xx |||||||||||||| ||spa||
082 _aDVD0040/J13/2001
245 0 _aEl SeƱor de los anillos: la comunidad del anillo:The lord of the rings: the fellowship of the ring
942 _cDVD
999 _c1211
_d1211